Land vs. Land #162 - Statistiken

Allgemein
  • Dieses Quiz wurde 13 mal gespielt
  • Das Durchschnittsergebnis liegt bei 13 aus 14
Antwortstatistiken
Frage Antwort % Korrekt
...Einwohner? Südkorea🇰🇷
100%
...Bruttoinlandsprodukt? Südkorea🇰🇷
100%
...Bruttoinlandsprodukt pro Kopf? Südkorea🇰🇷
100%
...Gesundheitswesen? Südkorea🇰🇷
100%
...Lebenserwartung? Südkorea🇰🇷
100%
...durchschnittlicher IQ? Südkorea🇰🇷
100%
...Gewinner? Südkorea🇰🇷
100%
...Tourismus? Südkorea🇰🇷
92%
...HDI (Human Development Index)? Südkorea🇰🇷
92%
...Exportmengen? Südkorea🇰🇷
92%
...Militär? Südkorea🇰🇷
85%
...Happy Planet Index? Südkorea🇰🇷
85%
...Fläche? Südkorea🇰🇷
77%
...Frieden? Südkorea🇰🇷
77%
Keine übereinstimmenden Quizze gefunden
Verteilung der Resultate
Anzahl Personen mit jedem Resultat
Perzentil nach korrekt beantworteten Fragen
Ihre Resultats-Entwicklung
Sie haben dieses Quiz noch nicht gespielt